| 000 | 00353cam a2200145ua 4500 | ||
|---|---|---|---|
| 041 |
_aeng _h |
||
| 082 |
_a828.09 _bLOW/CE |
||
| 100 | _aLow, D M . | ||
| 245 |
_aCentury of writers 1855-1955 / _cD M Low. _hTextual Documents |
||
| 260 |
_aLondon : _bChatto and Windus , _c1966. |
||
| 300 | _a736 ; . | ||
| 504 | _a | ||
| 942 | _cBK | ||
| 999 |
_c5136 _d5136 |
||